Aguas primaverales : (Record no. 39296)
[ view plain ]
| 000 -CABECERA | |
|---|---|
| campo de control de longitud fija | 00849nam a2200229 a 4500 |
| 001 - NÚMERO DE CONTROL | |
| campo de control | 000039806 |
| 005 - FECHA Y HORA DE LA ÚLTIMA TRANSACCIÓN | |
| campo de control | 20201002033738.0 |
| 008 - DATOS DE LONGITUD FIJA--INFORMACIÓN GENERAL | |
| campo de control de longitud fija | 130722s1985 sp 000 0 spa d |
| 020 ## - NÚMERO INTERNACIONAL ESTÁNDAR DEL LIBRO | |
| Número Internacional Estándar del Libro | 8432224022 |
| 040 ## - FUENTE DE LA CATALOGACIÓN | |
| Centro catalogador/agencia de origen | DO-SdBNP |
| Lengua de catalogación | spa |
| Centro/agencia transcriptor | BNPHU |
| 100 1# - ENTRADA PRINCIPAL--NOMBRE DE PERSONA | |
| Nombre de persona | Hemingway, Ernest |
| Fechas asociadas al nombre | 1899-1961 |
| 9 (RLIN) | 9091 |
| 245 10 - MENCIÓN DE TÍTULO | |
| Título | Aguas primaverales : |
| Resto del título | fiesta ; adios a las armas ; tener y no tener / |
| Mención de responsabilidad, etc. | Ernest heminway ; traductor María tubau...[et.al]. |
| 260 ## - PUBLICACIÓN, DISTRIBUCIÓN, ETC. | |
| Lugar de publicación, distribución, etc. | Madrid : |
| Nombre del editor, distribuidor, etc. | Seix Barral, |
| Fecha de publicación, distribución, etc. | 1985. |
| 300 ## - DESCRIPCIÓN FÍSICA | |
| Extensión | 627 p. ; |
| Dimensiones | 23 cm. |
| 563 ## - NOTA DE ENCUADERNACIÓN | |
| Nota de encuadernación | Cinco obras encuadernadas juntas con paginación continua. |
| 505 0# - NOTA DE CONTENIDO CON FORMATO | |
| Título | Fiesta -- |
| -- | Adiós a las armas -- |
| -- | tener y no tener -- |
| 590 ## - NOTA LOCAL (RLIN) | |
| Nota local | Inventariado, 2019/ YL |
| 700 1# - PUNTO DE ACCESO ADICIONAL--NOMBRE DE PERSONA | |
| Nombre de persona | tubau, María |
| Término indicativo de función/relación | tr. |
| 9 (RLIN) | 66001 |
| 700 1# - PUNTO DE ACCESO ADICIONAL--NOMBRE DE PERSONA | |
| Nombre de persona | Solá, M |
| Término indicativo de función/relación | trad. |
| 9 (RLIN) | 66002 |
| 700 12 - PUNTO DE ACCESO ADICIONAL--NOMBRE DE PERSONA | |
| Nombre de persona | Pujol, Carlos |
| Término indicativo de función/relación | trad. |
| 9 (RLIN) | 45462 |
| 700 12 - PUNTO DE ACCESO ADICIONAL--NOMBRE DE PERSONA | |
| Nombre de persona | Ibarzábal, Pedro |
| Término indicativo de función/relación | trad. |
| 9 (RLIN) | 14809 |
| Estado de retiro | Estado de pérdida | Restricciones de uso | No para préstamo | Código de colección | Localización permanente | Ubicación/localización actual | Ubicación en estantería | Fecha de adquisición | Número de inventario | Total de préstamos | Signatura topográfica completa | Código de barras | Fecha visto por última vez | Precio válido a partir de | Tipo de ítem Koha |
|---|---|---|---|---|---|---|---|---|---|---|---|---|---|---|---|
| Excluido de préstamo | Monografías: Libros y Folletos | General | General | En catalogación | 22.07.2013 | LF1 | 39806-10 | 25.06.2020 | 25.06.2020 | No se presta |
